Narativní psychoterapie

Saved in:
Bibliographic Details
Main Author: Freedman, Jill
Other Authors: Combs, Gene, Müller, Ivo
Format: Book
Language:Czech
Published: Praha Portál 2009
Series:Spektrum
Subjects:
Tags: Add Tag
No Tags, Be the first to tag this record!

MARC

LEADER 00000nam$a2200000$$$4500
001 0100883
005 20240425121605.8
020 |a 978-80-7367-549-3 
041 0 |a cze 
044 |a CZ 
245 1 0 |a Narativní psychoterapie  |c Jill Freedman, Gene Combs ; přeložil: Ivo Müller 
264 1 |a Praha  |b Portál  |c 2009 
300 |a 319 s. 
490 1 |a Spektrum 
830 0 |a Spektrum 
610 2 0 |a psychológia 
610 2 0 |a psychoterapia 
610 2 0 |a terapeutika 
610 2 0 |a vzťahy medziľudské 
610 2 0 |a sebapoznanie 
610 2 0 |a sebariadenie 
610 2 0 |a poradenstvo 
100 1 |a Freedman, Jill 
700 1 |a Combs, Gene 
700 1 |a Müller, Ivo